| 000 | 00573nam a2200205 i 4500 | ||
|---|---|---|---|
| 001 | 132487 | ||
| 003 | ES-MaACL | ||
| 005 | 20250814080954.0 | ||
| 007 | t| | ||
| 008 | 070214s1923 fr r ||||1| fre d | ||
| 100 | 1 |
_aRoman, Frédéric ( _d1871-1943) _999211 |
|
| 245 | 1 | 0 |
_aPaléontologie et zoologie / _cFrédéric Roman. |
| 260 |
_aParis : _bPayot, _c1923. |
||
| 300 |
_a165 p. ; _c16 cm. |
||
| 490 | 1 | _aPayot | |
| 650 | 0 | 7 |
_aPaleontología _2embne _915808 |
| 830 | 0 |
_aPayot _9219650 |
|
| 852 |
_aES-MaACL _jB-9739 _bR.18477 |
||
| 999 |
_c132487 _d132487 |
||